Davidson's Principles & Practic of Medicine (Record no. 323)

MARC details
000 -LEADER
fixed length control field 00565nam a22002057a 4500
003 - CONTROL NUMBER IDENTIFIER
control field OSt
005 - DATE AND TIME OF LATEST TRANSACTION
control field 20220425160212.0
008 - FIXED-LENGTH DATA ELEMENTS--GENERAL INFORMATION
fixed length control field 140806b xxu||||| |||| 00| 0 eng d
020 ## - INTERNATIONAL STANDARD BOOK NUMBER
International Standard Book Number 0443100578
040 ## - CATALOGING SOURCE
Transcribing agency DLC
082 ## - DEWEY DECIMAL CLASSIFICATION NUMBER
Classification number WB 100 D281n 2006
100 ## - MAIN ENTRY--PERSONAL NAME
Personal name Editor Boon, Nicholas A.;[et...al]
9 (RLIN) 13892
245 ## - TITLE STATEMENT
Title Davidson's Principles & Practic of Medicine
250 ## - EDITION STATEMENT
Edition statement 20th ed.
260 ## - PUBLICATION, DISTRIBUTION, ETC. (IMPRINT)
Place of publication, distribution, etc. London:
Name of publisher, distributor, etc. Churchill Livingstone :
Date of publication, distribution, etc. 2006.
300 ## - PHYSICAL DESCRIPTION
Extent xvi, 1381 p. :
Other physical details col.ill;
Dimensions 29 cm.
504 ## - BIBLIOGRAPHY, ETC. NOTE
Bibliography, etc Includes index
650 ## - SUBJECT ADDED ENTRY--TOPICAL TERM
Topical term or geographic name as entry element Medicine
9 (RLIN) 324
942 ## - ADDED ENTRY ELEMENTS (KOHA)
Source of classification or shelving scheme Other/Generic Classification Scheme
Koha item type Book Bank
Holdings
Withdrawn status Lost status Source of classification or shelving scheme Damaged status Not for loan Home library Current library Date acquired Source of acquisition Inventory number Total Checkouts Full call number Barcode Date last seen Date last checked out Koha item type
    Other/Generic Classification Scheme     MUST Main Library MUST Main Library 06/08/2014 Donation 11/34973 4 WB100 D281n 2006 2014-1812 12/04/2023 13/01/2023 Book Bank
    Other/Generic Classification Scheme     MUST Main Library MUST Main Library 06/08/2014 Donation 11/3785 4 WB100 D281n 2006 2014-1813 05/04/2023 06/02/2023 Book Bank
    Other/Generic Classification Scheme     MUST Main Library MUST Main Library 06/08/2014 Donation 11/34786 3 WB100 D281n 2006 2014-1814 06/04/2023 24/01/2023 Book Bank
    Other/Generic Classification Scheme     MUST Main Library MUST Main Library 13/01/2015 Purchase 11/32803   WB100 D281n 2006 2015-0073 13/01/2015   Short Loan